| 000 | 01250cam a2200217 4500 | ||
|---|---|---|---|
| 001 | WB3646-07 | ||
| 008 | 000000n2000 000 0 eng u | ||
| 035 | _a(Sirsi) u109453 | ||
| 245 | _aService sector energy demand soars | ||
| 260 | _c2000 | ||
| 490 |
_aENDS Report _v(309) October 2000, 9(1) |
||
| 520 | _aA report by the Association for the Conservation of Energy (ACE) indicates that energy consumption by shops, offices and other commercial buildings has risen by at least 65% since 1973. Moreover, findings suggest consumption is increasing by 3.7% pa, and the energy intensity of services in this sector has worsened. Describes some of the issues and problems identified in the report. The ACE is calling for legislation to force freeholders of commercial property to conduct regular energy audits, and to bring efficiency up to acceptable standards. Table. "White Collar CO2" is available at: www.ukace.org/pubs.htm. | ||
| 590 | _aWB | ||
| 650 | _aASSOCIATION FOR THE CONSERVATION OF ENERGY | ||
| 650 | _aENERGY CONSUMPTION | ||
| 650 | _aENERGY POLICY | ||
| 650 | _aPROPERTY-COMMERCIAL PROPERTY | ||
| 650 | _aSERVICE SECTOR | ||
| 690 | _aENVIRONMENTAL AND LAND CONSULTANCY-ENERGY-ENERGY USE-ENERGY EFFICIENCY | ||
| 942 | _n0 | ||
| 999 |
_c65338 _d65338 |
||